Úspešný nation branding

Definícia značky, definícia nation brandingu. Porovnanie konceptu nation branding a konceptu brandingu produktu. Príklad úspešného nation brandingu.

Salvato in:
Dettagli Bibliografici
Autore principale: Drutarovská, Jana, 1989-
Natura: Capitolo di libro
Lingua:slovacco
Soggetti:
Tags: Aggiungi Tag
Nessun Tag, puoi essere il primo ad aggiungerne!!

MARC

LEADER 00000nla a2200000 4500
001 0183843
005 20240502073140.6
041 0 |a slo 
044 |a SK 
245 1 0 |a Úspešný nation branding  |c Jana Drutarovská 
520 |a Definícia značky, definícia nation brandingu. Porovnanie konceptu nation branding a konceptu brandingu produktu. Príklad úspešného nation brandingu. 
610 2 0 |a štát 
610 2 0 |a imidž 
610 2 0 |a prezentácia 
610 2 0 |a marketing 
100 1 |a Drutarovská, Jana, 1989-